| 000 | 01425nam a2200277 a 4500 | ||
|---|---|---|---|
| 999 |
_c447542 _d447542 |
||
| 003 | BLK | ||
| 005 | 20230718150217.0 | ||
| 008 | 220302b bu |||||r|||| 00| ||bu d | ||
| 040 | _aBLK | ||
| 041 |
_aBUL _cBUL |
||
| 080 |
_aНационалноосвободителното движение в България (1856-1877) _b94(497.2)"1856/1877" _x(092)(062) _z94(497.2)"1856/1877"(092)(062) |
||
| 080 |
_aБългарски хайдутин, националреволюционер и четнически войвода _b929 Хитов, Панайот Иванов _x(062) _z929 Хитов, Панайот Иванов(062) |
||
| 139 | _bХ 53 | ||
| 245 |
_aПанайот Хитов _b1830 - 1918 - 1968 _cСъстав.: В. Дечев. _h[Малотир. изд.] |
||
| 257 | _aBGR | ||
| 260 |
_9441842 _aСливен _bб. и. _cб. г. |
||
| 300 |
_a20 с. _bс ил. _c17х20 см |
||
| 380 | _a9 | ||
| 500 | _aИзд. Окръжен ист. музей - Сливен. | ||
| 600 | 0 |
_aХитов, Панайот Иванов _d1830-1918 _gДеец на национално-революционното движение, четнически водач. _9364020 |
|
| 653 | 7 |
_9195345 _aреволюционери |
|
| 653 | 0 |
_9395677 _aистория на България |
|
| 852 |
_bК _cК 94(497.2)"1856/1877"(092)/Х 53 П |
||
| 942 |
_cKNG _n0 _s1 |
||
| 944 |
_aCR _c2022-03-08 _k30529 _lДиана Гривева |
||